Estadísticas para Matemáticas rápidas - Raíces cuadradas

Haz click aquí para intentar la prueba.

Estadísticas generales

  • Esta prueba ha sido intentada 383 veces
  • La puntuación promedio es 13 de 20

Estadísticas de respuestas

problemasolución% Correcto
164
100%
497
100%
648
100%
11
96%
93
96%
12111
90%
10010
89%
366
87%
14412
86%
42
86%
90030
85%
819
85%
16913
82%
255
82%
360060
82%
160040
81%
270452
79%
250050
78%
44121
75%
52923
75%
96131
75%
122535
75%
25616
74%
28917
74%
78428
74%
19614
73%
32418
72%
57624
71%
129636
71%
168141
71%
240149
71%
48422
70%
40020
68%
115634
68%
152139
67%
22515
65%
36119
65%
108933
65%
302555
65%
62525
64%
220947
64%
280953
64%
260151
63%
84129
62%
136937
61%
67626
59%
202545
59%
313656
59%
176442
58%
102432
56%
184943
56%
324957
53%
211646
52%
336458
52%
144438
48%
348159
48%
291654
47%
193644
45%
230448
42%
72927
31%

Distribución de puntuación

Porcentaje por número respondido

Porcentaje de gente con cada puntuación

Historial de tus puntuaciones

No has intentado esta prueba.